| 000 | 00418nam a2200097Ia 4500 | ||
|---|---|---|---|
| 008 | 180130s9999 xx 000 0 und d | ||
| 245 |
_cNobari, Sabina Mirzaei; Zadeh, Davood Hosein _aDesigning a fuzzy model for decision support systems in the selection and recruitment process |
||
| 260 | _c2016 | ||
| 300 | _aBook title: Information technology management--Acession number C20746; pages 143-148 | ||
| 650 | _aIT MANAGEMENT | ||
| 999 |
_c354268 _d354268 |
||